| 000 | 00513nam a2200205 4500 | ||
|---|---|---|---|
| 999 |
_c9237 _d9237 |
||
| 001 | 81036 | ||
| 003 | OCoLC | ||
| 005 | 20210109175013.0 | ||
| 008 | 700608s1969 ilu 000 0 eng | ||
| 010 | _a77012177 | ||
| 020 | _a0802404529 (pbk.) : | ||
| 040 |
_aDLC _cDLC _dBCT |
||
| 092 |
_a248 _bR995B |
||
| 100 | 1 |
_aRyrie, Charles Caldwell, _d1925- |
|
| 245 | 1 | 0 | _aBalancing the Christian life |
| 260 |
_aChicago, _bMoody Press _c[1969] |
||
| 300 |
_a191 p. _c22 cm |
||
| 650 | 0 | _aChristian life | |
| 942 |
_2ddc _cBK |
||